[Event "NED-ch U13 Girls"]
[Site "Rijswijk"]
[Date "2007.05.18"]
[Round "5"]
[White "Koekkoek, Annette"]
[Black "Osinga, Angelique"]
[Result "1-0"]
[WhiteElo "1195"]
[BlackElo "1175"]
[PlyCount "113"]
[EventDate "2007.05.17"]
[EventType "swiss"]
[EventRounds "9"]
[EventCountry "NED"]
[SourceTitle "EXT 2009"]
[Source "ChessBase"]
[SourceDate "2008.11.26"]
[SourceVersion "1"]
[SourceVersionDate "2008.11.26"]
[SourceQuality "1"]

1. e4 e5 2. Nf3 Nc6 3. Bc4 Nf6 4. d3 d6 5. h3 Bd7 6. Bg5 Be7 7. Nc3 0-0 8. 0-0 a6 9. d4 b5 10. dxe5 dxe5 11. Bb3 Nd4 12. Nxd4 exd4 13. Ne2 Bc6 14. Ng3 Bd6 15. Bxf6 Qxf6 16. c3 dxc3 17. bxc3 Qxc3 18. Rc1 Qd4 19. Nf5 Qf6 20. Rxc6 Bh2+ 21. Kxh2 Qxc6 22. Ne7+ Kh8 23. Nxc6 Rfe8 24. Qh5 g6 25. Qd5 Re6 26. Ne5 Kg8 27. Qxa8+ Kg7 28. Ng4 Rd6 29. Bd1 h5 30. e5 Re6 31. Ne3 Rxe5 32. Qxa6 f5 33. Qb7 Kh6 34. Qxc7 Re6 35. Qf4+ Kg7 36. Qg5 Kf7 37. Qf4 Kf6 38. Re1 Kg7 39. Qd4+ Kf7 40. Qd7+ Re7 41. Qd5+ Kf8 42. Qxb5 h4 43. a4 f4 44. Qb8+ Kf7 45. Qxf4+ Kg7 46. Nf5+ Kf6 47. Nxe7+ Kg7 48. a5 g5 49. Qxg5+ Kf7 50. Qxh4 Ke8 51. a6 Kf8 52. a7 Kf7 53. Bc2 Kg7 54. Qh7+ Kf6 55. a8Q Kg5 56. Qd5+ Kf6 57. Qh4+ 1-0

[Event "NED-ch U13 Girls"]
[Site "Rijswijk"]
[Date "2006.05.25"]
[Round "1"]
[White "Koekkoek, Annette"]
[Black "Hupkens, Mia Rosa"]
[Result "0-1"]
[WhiteElo "994"]
[BlackElo "1246"]
[PlyCount "92"]
[EventDate "2006.05.25"]
[EventType "swiss"]
[EventRounds "9"]
[EventCountry "NED"]
[SourceTitle "EXT 2009"]
[Source "ChessBase"]
[SourceDate "2008.11.26"]
[SourceVersion "1"]
[SourceVersionDate "2008.11.26"]
[SourceQuality "1"]

1. e4 e5 2. d4 exd4 3. Qxd4 Nc6 4. Qd3 Bc5 5. Nf3 d6 6. Bf4 Bg4 7. Nbd2 Nge7 8. 0-0-0 Qd7 9. Bg5 f6 10. Bf4 Bxf2 11. h3 Be6 12. a3 a6 13. Qc3 b5 14. g4 Bf7 15. b3 Bd4 16. Qd3 Bc5 17. Bg2 Bxa3+ 18. Kb1 Nb4 19. Qe3 Qc6 20. Rc1 Bxc1 21. Rxc1 a5 22. Bf1 a4 23. c3 Na6 24. b4 Bb3 25. Bg2 Nb8 26. Bg3 a3 27. Rg1 a2+ 28. Kb2 Bf7 29. e5 fxe5 30. Nxe5 Qa6 31. Bxa8 Qxa8 32. Nef3 Kd7 33. Bh4 Re8 34. Qd3 Bc4 35. Nxc4 bxc4 36. Qxc4 Qxf3 37. Qb5+ Nbc6 38. Kxa2 Ra8+ 39. Kb2 Rb8 40. Qg5 Qe2+ 41. Kb3 Qe6+ 42. Kb2 Ra8 43. Rg2 Qa2+ 44. Kc1 Qxg2 45. Qxe7+ Nxe7 46. Bg5 Ra1# 0-1

[Event "NED-ch U13 Girls"]
[Site "Rijswijk"]
[Date "2006.05.25"]
[Round "3"]
[White "Koekkoek, Annette"]
[Black "Sekandar, Nilofar"]
[Result "1-0"]
[WhiteElo "994"]
[BlackElo "1074"]
[PlyCount "87"]
[EventDate "2006.05.25"]
[EventType "swiss"]
[EventRounds "9"]
[EventCountry "NED"]
[SourceTitle "EXT 2009"]
[Source "ChessBase"]
[SourceDate "2008.11.26"]
[SourceVersion "1"]
[SourceVersionDate "2008.11.26"]
[SourceQuality "1"]

1. Nc3 Nf6 2. e4 Nc6 3. Nf3 e5 4. a3 Bc5 5. Bb5 Qe7 6. 0-0 0-0 7. d3 h6 8. Nd5 Qe6 9. Nxc7 Qe7 10. Nxa8 a6 11. Bxc6 dxc6 12. d4 Rd8 13. c3 Ba7 14. Be3 Bg4 15. h3 Bh5 16. Qe2 Rxa8 17. dxe5 Nxe4 18. Bxa7 Rxa7 19. Qxe4 Ra8 20. Nd4 Bg6 21. Qf3 Qxe5 22. Nb3 Qg5 23. Nd4 Re8 24. Rfe1 Rc8 25. Qg3 Qf6 26. Qg4 Ra8 27. Qd7 Qg5 28. Re8+ Rxe8 29. Qxe8+ Kh7 30. Qe3 Qf6 31. f3 c5 32. Nb3 Bf5 33. g4 Be6 34. Qe4+ Kg8 35. Nxc5 Qg5 36. Nxe6 fxe6 37. Qxe6+ Kh7 38. Qe4+ Kg8 39. Rd1 Qc5+ 40. Qd4 Qxd4+ 41. Rxd4 Kf7 42. Rd7+ Kf6 43. Rxb7 g6 44. Rb6+ 1-0